| 000 | 00819nam a22002057a 4500 | ||
|---|---|---|---|
| 005 | 20251108170750.0 | ||
| 008 | 250721s2001 xx 000 0 ara d | ||
| 082 | 1 | 4 | _a649.4/يما |
| 100 | 1 | _aاليمان، ديفيد | |
| 245 | 1 | 0 |
_aصحة الأطفال الدليل الكامل : _bهذا الدليل يرشد الأهل حول كيفية الحفاظ على صحة طفلهم و الخطوات التي يجب إتخاذها في حالات المرض و الطورئ / |
| 264 | 1 |
_aبيروت : _bالدار العربية للعلوم، _c2001. |
|
| 300 | _a215ص. | ||
| 650 | 1 | 7 | _aتنشية الأطفال |
| 650 | 1 | 7 | _aصحة الأطفال |
| 650 | 1 | 7 | _aتغذية الطفل |
| 650 | 1 | 7 | _aطب الأطفال |
| 700 | 1 |
_aبدفورد، هلين _eمؤلف |
|
| 942 |
_2ddc _cBK |
||
| 999 |
_c48468 _d48468 |
||